Obchod s rozvojovými zeměmi
Obrat zahraničného obchodu ČR v r.1992 s rozvojovými krajinami a menej rozvinutými krajinami (LDC) v Ázii, Afrike, Amerike a Oceánii. Vývoz a dovoz tovaru do týchto krajín. Štruktúra výrobkov v dovoze a vývoze.
Salvato in:
| Autore principale: | |
|---|---|
| Natura: | Capitolo di libro |
| Lingua: | ceco |
| Soggetti: | |
| Tags: |
Nessun Tag, puoi essere il primo ad aggiungerne!!
|
MARC
| LEADER | 00000naa a2200000 4500 | ||
|---|---|---|---|
| 001 | r014257 | ||
| 005 | 20221213082819.6 | ||
| 041 | 0 | |a cze | |
| 044 | |a CZ | ||
| 245 | 1 | 0 | |a Obchod s rozvojovými zeměmi |c M. Straka |
| 520 | |a Obrat zahraničného obchodu ČR v r.1992 s rozvojovými krajinami a menej rozvinutými krajinami (LDC) v Ázii, Afrike, Amerike a Oceánii. Vývoz a dovoz tovaru do týchto krajín. Štruktúra výrobkov v dovoze a vývoze. | ||
| 610 | 2 | 0 | |a Česko |
| 610 | 2 | 0 | |a obchod zahraničný |
| 610 | 2 | 0 | |a krajiny rozvojové |
| 610 | 2 | 0 | |a vývoz |
| 610 | 2 | 0 | |a dovoz |
| 100 | 1 | |a Straka, M. | |